marguerite - Une lettre, une chanson - Statistiques

Statistiques générales
  • Ce quiz a été pris 38 fois
    8 depuis la dernière actualisation
  • Le résultat moyen est 5 sur 7
Statistiques - réponses
Lettres Chansons % Correct
M la maison
100%
F la fée / les filles, les meufs
83%
P première dauphine
83%
A les avions
67%
B la boss
67%
S snipeuse
67%
C crash test
50%
Aucun quiz correspondant
Distribution des résultats
% des personnes avec chaque résultat
Percentile par nombre de réponses
Votre historique - résultats
Vous n’avez pas pris ce quiz depuis la dernière actualisation